Statistiken für Liedtext - An Tagen wie diesen - Die Toten Hosen

Klicken Sie hier um das Quiz zu spielen!

Allgemein

  • Dieses Quiz wurde 1.018 mal gespielt
    (875 seit der letzten Aktualisierung)
  • Das Durchschnittsergebnis liegt bei 196 aus 258

Antwortstatistiken

Textquiz% Korrekt
Die
100%
die
100%
Tag
100%
diesen
99%
An
98%
wie
98%
Wie
98%
Tagen
97%
Wir
92%
wir
92%
Der
90%
der
90%
Ich
90%
ich
90%
Das
88%
das
88%
Unendlichkeit
87%
Hab
85%
sich
85%
uns
85%
ewig
84%
Ewig
84%
man
84%
Und
84%
Wünsch
84%
Wo
83%
Zeit
83%
den
82%
Haben
82%
Auf
80%
auf
80%
noch
80%
Wünscht
80%
ein
79%
ist
79%
Zu
79%
zu
79%
Durch
78%
durch
78%
wart
77%
mir
76%
Nacht
76%
in
75%
In
75%
seit
75%
Über
75%
über
75%
Kein
74%
kein
74%
Wochen
74%
Asphalt
73%
so
73%
vor
73%
Als
72%
dieser
72%
Freude
72%
Für
72%
für
72%
Nächte
72%
sind
72%
Sind
72%
immer
71%
Straßen
71%
tanz
71%
alle
70%
Dich
70%
dich
70%
mich
70%
Weg
69%
bis
68%
Ende
68%
Lied
68%
Menschenmenge
68%
Sicht
68%
Um
68%
viel
68%
weiter
68%
Beste
67%
dir
67%
eine
67%
Gedränge
67%
heute
67%
hier
67%
hin
67%
mit
67%
Musik
67%
zieht
67%
altbekannten
66%
Bahnen
66%
Gassen
66%
Komm
66%
nicht
66%
Am
65%
verspricht
65%
gäbs
64%
alles
63%
drauf
63%
gebe
63%
wärs
63%
warten
63%
abzugehen
61%
anderen
61%
entgegen
61%
Entlang
61%
Erleben
61%
laut
61%
mal
61%
Rhythmus
61%
selben
60%
starten
60%
Uhrzeit
60%
Acht
59%
dem
59%
ganze
59%
keine
59%
letztes
59%
Treffpunkt
59%
lassen
58%
Leute
58%
trag
58%
abzuholen
57%
Angst
57%
ausgemacht
57%
treiben
57%
stehen
56%
still
56%
unter
54%
Brücken
53%
durchzudrehen
53%
Strom
53%
Schwimmen
52%
Tauchen
51%
schwerelos
49%
mehr
46%
derselben
45%
Kommen
45%
Rheinterrassen
45%
unsere
45%
runter
43%
Kreise
41%
Drehen
40%

Verteilung der Resultate

Perzentil nach korrekt beantworteten Fragen

Anzahl Personen mit jedem Resultat

Ihre Resultats-Entwicklung

Sie haben dieses Quiz seit der letzten Aktualisierung nicht gespielt